000 00621nam a2200229Ia 4500
003 OSt
005 20250506121940.0
008 210423s2011 xx 000 0 und d
020 _a9788125042761
040 _cAL
041 _aeng
082 _a801.95
_223
_bSYIN
100 _aEsther Syiem
_993018
245 _aNEHU anthology of select literary criticism
260 _bOrient Blackswan
_c2011
300 _a185
_bPB
365 _b98
_cINR
650 _aLiterary Theory
_993019
700 _aMazumdar, Moon Moon; et. al
_9209450
906 _aanthology ; criticism ; literary ; NEHU ; select
942 _2ddc
_cBK
999 _c161056
_d161056